| 000 | 00608nac a22001811u 4500 | ||
|---|---|---|---|
| 010 | _a 78025640 | ||
| 082 | 0 | 0 |
_a620.11 _bCOR |
| 090 |
_c7250 _d7250 |
||
| 100 | _aCordon, William A. | ||
| 245 | 1 | 0 |
_aProperties, evaluation, and control of engineering materials / _cWilliam A. Cordon. |
| 260 |
_aNew York : _bMcGraw-Hill,1979 _cc1979. |
||
| 300 |
_axvi, 368 p. : _bill. ; _c25 cm. |
||
| 500 | _adistributer: Al-Ahram | ||
| 504 | _aIncludes bibliographical references and index. | ||
| 511 | _acatalogued by: wessam | ||
| 650 | 0 | _aMaterials. | |
| 942 |
_cBB _k620.11COR |
||
| 999 |
_c7250 _d7250 |
||